000 00888nac a22002657a 4500
001 BR8202732
003 BR-BrBNA
005 20240105115323.0
008 230509b bl.|||m| |||| 00| 0 por d
040 _aBR-BrBNA
_bpor
_cBiblioteca Nacional de Agricultura
072 _aH60
090 _a0120 BR8202732
100 1 _aGelmini, G.A.
110 1 _aCoordenadoria de Assistencia Tecnica Integral, Campinas, SP (Brasil). Depto. de Extensao Rural
_92967
245 1 _aControle de plantas daninhas na cultura do milho
260 3 _aCampinas, SP (Brasil):
_c1982.
300 _a24 p.
490 _aBoletim Tecnico - Coordenadoria de Assistencia Tecnica Integral (Brazil)
_vn. 158
_xISSN 0100-4417
500 _a31 ref.; 7 tables
650 _aMILHO
650 _aHERBICIDA
650 _aCONTROLE QUIMICO
909 _a202312
_bLúcia Elande
_c55
_dLúcia Elande
942 _2AGRIS
_n0
_cMS
999 _c274264
_d274264